| 000 | 00481cam a2200169 a 4500 | ||
|---|---|---|---|
| 020 | _a9782896470983 (pbk. : t. 1) | ||
| 020 | _a9782896471096 (pbk. : t. 2) | ||
| 020 | _a9782896471720 (pbk. : t. 3) | ||
| 020 | _a9782896471737 (ppk. : t. 4) | ||
| 040 | _cDLC | ||
| 082 | 0 | 0 | _a843 EHH 2008 C151 Or. |
| 100 | 1 | _aDavid, Michel, | |
| 245 | 1 | 0 | _aChère Laurette / |
| 260 |
_aMontréal : _bÉditions Hurtubise HMH, _cc2008-<c2009> |
||
| 300 |
_av. <1-3> ; _c23 cm. |
||
| 942 | _cAEDBB | ||
| 999 |
_c18685 _d18685 |
||